| 000 | 03290njm a2200529Ia 4500 | ||
|---|---|---|---|
| 001 | 37795 | ||
| 003 | IT-RoPAU | ||
| 005 | 20220918181111.0 | ||
| 008 | 131025s9999 xx 000 0 und d | ||
| 040 | _aIT-RoPAU | ||
| 040 | _cIT-RoPAU | ||
| 999 |
_c98993 _d98993 |
||
| 999 | _bn.d. | ||
| 100 |
_aAA.VV. _9794 |
||
| 100 |
_eAutore musica _919910 |
||
| 100 |
_gCodice autore musica SPICS: 12000 _9796 |
||
| 245 | _aGoes To Hollywood | ||
| 250 | _a1a ed. | ||
| 260 | _aROMA | ||
| 260 |
_bRCA (RADIO CORP. AMERICA) _c1986 [1a Ed.:1986 - Ed. Lingua Orig.: 1986] |
||
| 300 | _aDISCO | ||
| 300 | _c41 minuti (Testo: pag.) | ||
| 500 | _aMusica strumentale: pianoforte. Arrangiamento | ||
| 505 | _aWe Are the World (3:00) - Think of Laura (3:00) - Time After Time (4:00) - Dust In the Wind (4:00) - Strangers In Paradise (3:00) - The Shadow of Your Smile (4:00) - The Way I Loved You (3:00) - I Just Called To Say I Love You (4:00) - Stuck On You (4:00) - I Want To Know What Love Is (4:00) - This Guy's In Love With You (3:00) - Perhaps Love (3:00) - As Time Goes By (3:00) - Harmony (4:00) | ||
| 650 |
_aARRANGIAMENTO [DISCHI] _eCodice MATERIA SPICS: 9950 _919911 |
||
| 700 |
_aClayderman Richard _eInterprete _gCodice interprete SPICS: 7953 _919912 |
||
| 700 |
_aClayderman Richard _gCodice autore SPICS: 7953 _eAutore _919913 |
||
| 700 |
_aJackson Michael _gCodice autore musica SPICS: 11497 _eAutore musica _pWe Are the World _919914 |
||
| 700 |
_aRichie L. _gCodice autore SPICS: 17434 _eAutore _pWe Are the World _919915 |
||
| 700 |
_aCross C. _gCodice autore musica SPICS: 17435 _eAutore musica _pThink of Laura _919916 |
||
| 700 |
_aLauper Cyndi _gCodice autore musica SPICS: 17436 _eAutore musica _pTime After Time _919917 |
||
| 700 |
_aHyman R. _gCodice autore SPICS: 17437 _eAutore _pTime After Time _919918 |
||
| 700 |
_aLivgren K. _gCodice autore musica SPICS: 17438 _eAutore musica _pDust In the Wind _919919 |
||
| 700 |
_aForrest G. _gCodice autore musica SPICS: 17439 _eAutore musica _pStrangers In Paradise _919920 |
||
| 700 |
_aWright Robert _gCodice autore SPICS: 17440 _eAutore _pStrangers In Paradise _919921 |
||
| 700 |
_aWebster Frank _gCodice autore musica SPICS: 6055 _eAutore musica _pThe Shadow of Your Smile _919922 |
||
| 700 |
_aMandel Johnny _gCodice autore SPICS: 11004 _eAutore _pThe Shadow of Your Smile _919923 |
||
| 700 |
_aToussaint Olivier _gCodice autore musica SPICS: 14363 _eAutore musica _pThe Way I Loved You _919924 |
||
| 700 |
_aWonder (Stevie) St. _gCodice autore musica SPICS: 11163 _eAutore musica _pI Just Called To Say I Love You _919925 |
||
| 700 |
_aRichie L. _gCodice autore musica SPICS: 17434 _eAutore musica _pStuck On You _919926 |
||
| 700 |
_aJones M. _gCodice autore musica SPICS: 17441 _eAutore musica _pI Want To Know What Love Is _919927 |
||
| 700 |
_aDavid Hal _gCodice autore musica SPICS: 16108 _eAutore musica _pThis Guy's In Love With You _919928 |
||
| 700 |
_aBacharach Burt _gCodice autore SPICS: 10740 _eAutore _pThis Guy's In Love With You _919929 |
||
| 700 |
_aDenver John _gCodice autore musica SPICS: 16459 _eAutore musica _pPerhaps Love _919930 |
||
| 700 |
_aHupfeld Herman _gCodice autore musica SPICS: 17443 _eAutore musica _pAs Time Goes By _919931 |
||
| 700 |
_aSenneville Paul De _gCodice autore musica SPICS: 14362 _eAutore musica _pHarmony _919932 |
||
| 942 |
_cMD _2ddc |
||